L'ontologie politique de Martin Heidegger /

Hlavní autor: Bourdieu, Pierre, 1930-2002
Korporativní autor: Éditions de Minuit
Jazyk: Francouzština
Vydáno: Paris : Les Éditions de Minuit, 1988
Edice: Sens commun
Témata:
Fyzický popis: 122 stran ; 22 cm
Knihy
Uloženo v:
LEADER 02015nam a2200541 i 4500
001 000547844
003 CZ BrMZK
005 20260430134113.0
007 ta
008 000115s1988 fr f 001 0 fre
020 |a 2-7073-1166-9  |q (brožováno) 
040 |a BOA001  |b cze  |e rda 
045 |a x-x- 
072 7 |a 14(100-15)"15/20"  |x Moderní západní filozofie  |2 Konspekt  |9 5 
080 |a 14(430)  |2 MRF 
080 |a 32:1  |2 MRF 
080 |a 111  |2 MRF 
080 |a 329.17  |2 MRF 
080 |a (048.8)  |2 MRF 
100 1 |a Bourdieu, Pierre,  |d 1930-2002  |7 jn20010602372  |4 aut 
245 1 2 |a L'ontologie politique de Martin Heidegger /  |c Pierre Bourdieu 
264 1 |a Paris :  |b Les Éditions de Minuit,  |c 1988 
300 |a 122 stran ;  |c 22 cm 
336 |a text  |b txt  |2 rdacontent 
337 |a bez média  |b n  |2 rdamedia 
338 |a svazek  |b nc  |2 rdacarrier 
490 1 |a Le sens commun 
504 |a Obsahuje bibliografii, bibliografické odkazy a rejstřík 
541 |a Paris, Vivre Livres! 
600 1 7 |a Heidegger, Martin,  |d 1889-1976  |7 jn19990009594  |2 czenas 
648 7 |a 20. století  |7 ch460558  |2 czenas 
650 0 7 |a německá filozofie  |7 ph123485  |y 20. století  |2 czenas 
650 0 7 |a politická filozofie  |7 ph115786  |y 20. století  |2 czenas 
650 0 7 |a ontologie (filozofie)  |7 ph123746  |2 czenas 
650 0 7 |a nacismus  |7 ph115411  |2 czenas 
650 0 9 |a German philosophy  |y 20th century  |2 eczenas 
650 0 9 |a political philosophy  |y 20th century  |2 eczenas 
650 0 9 |a ontology  |2 eczenas 
650 0 9 |a Nazism  |2 eczenas 
655 7 |a studie  |7 fd133597  |2 czenas 
655 9 |a studies  |2 eczenas 
710 2 |a Éditions de Minuit  |7 xx0342802  |4 pbl 
830 0 |a Sens commun 
910 |a BOA001  |b 2-1082.368  |b KMK-0003.010 
990 |a BK 
991 |b 202604 
996 6 |b 2610129497  |c 2-1082.368  |l MZK  |r Sklad / do 1 hodiny  |n 1  |p dar  |w 000547844  |u 000010  |a 1  |e BOA001  |j MZK50  |s P 
996 6 |b 261K005550  |c KMK-0003.010  |l Stud. periodik/2.patro  |r K. M. Kundery - 1. patro  |n 0  |p dar  |h H/01-0028  |w 000547844  |u 000020  |a 1  |e BOA001  |j MZK50  |s P